| 000 | 00725nam a2200217Ii 4500 | ||
|---|---|---|---|
| 003 | JO-AjNU | ||
| 008 | 230605s9999||||xx |||||||||||||| ||und|| | ||
| 017 | _a1990/12/836 | ||
| 040 |
_aJO-AjNU _bara _erda _cJO-AjNU |
||
| 041 | _aara | ||
| 050 | 1 | 4 | _aBF637.C56.S2564.1992 |
| 100 | 3 |
_aسمارة، عزيز ، نمر،عصام/اعداد, _eauthor _939713 |
|
| 245 | 0 | 0 | _aمحاضرات في التوجيه والإرشاد |
| 250 | _aط2 | ||
| 264 | 3 | 1 | _aعمان:دار الفكر للنشر والتوزيع ،1992 |
| 300 | _a199ص | ||
| 336 |
_atext _btxt _2rdacontent |
||
| 337 |
_aunmediated _bn _2rdamedia |
||
| 338 |
_avolume _bnc _2rdacarrier |
||
| 650 | 4 |
_aالتوجيه والارشاد التربوي _939714 |
|
| 999 |
_aA16795 _c20363 _d20363 |
||